Kluby Premier League - poziom łatwy - Statystyki

Ogólne statystyki
  • Ten quiz został rozwiązany 237 razy
  • Średni wynik to 8 z 10
Answers on the Grid
Answers color-coded by a green-red scale on the quiz's grid according to % correct below.
Arsenal
Aston Villa
Brighton
Chelsea
FC Porto
Hacken FC
Hull City
Leicester City
Liverpool
Manchester City
Manchester United
Nottigham Forest
PSG
QPR
Real Madryt
Tottenham
 
Statystyki odpowiedzi
Odpowiedź % Poprawnych
Arsenal
96%
Chelsea
93%
Aston Villa
89%
Brighton
88%
Leicester City
83%
Liverpool
80%
Manchester City
80%
Manchester United
80%
Tottenham
78%
Nottigham Forest
74%
Nie znaleziono quizów pasujących do podanych kryteriów
Rozkład punktacji
Procent ludzi z każdym wynikiem
Percentyl według liczby udzielonych odpowiedzi
Twoja historia wyników
Nie rozwiązałeś tego quizu